000 00367nam a22001577a 4500
005 20180806111944.0
008 160621b xxu||||| |||| 00| 0 eng d
020 _a978-0-07-066020-5
041 _aeng
082 _b8800
_a658.3
100 _aAswathppa, k
_92382
245 _aHuman Resource Management
300 _a700p,
650 _aManagement
_9241
942 _cBK
999 _c3431
_d3430